[Event "Verden op-A"]
[Site "Verden"]
[Date "2023.01.06"]
[Round "3"]
[White "Ehlert, Horst"]
[Black "Boerma, Daniel"]
[Result "1/2-1/2"]
[WhiteElo "2026"]
[BlackElo "1909"]
[PlyCount "57"]
[EventDate "2023.01.05"]
[EventType "swiss"]
[EventRounds "7"]
[EventCountry "GER"]
[SourceTitle "CBM 212 Extra"]
[Source "ChessBase"]
[SourceDate "2023.03.31"]
[SourceVersion "1"]
[SourceVersionDate "2023.03.31"]
[SourceQuality "1"]

1. c4 e6 2. Nf3 Nf6 3. d4 d5 4. e3 Be7 5. Nc3 0-0 6. Bd3 dxc4 7. Bxc4 a6 8. a4 Nc6 9. 0-0 Nb4 10. Ne5 c5 11. dxc5 Bxc5 12. Nd3 Qe7 13. Nxc5 Qxc5 14. Qe2 Bd7 15. e4 Bc6 16. Be3 Qa5 17. f3 Rac8 18. Rfd1 Rfd8 19. Rxd8+ Rxd8 20. Qf2 Rd7 21. Bb6 Qe5 22. Qe2 h5 23. Rd1 Rxd1+ 24. Qxd1 Nd7 25. Bf2 Qc7 26. Bb3 Ne5 27. Qd2 Ned3 28. Be3 Be8 29. Bd1 1/2-1/2

[Event "Verden op-A"]
[Site "Verden"]
[Date "2023.01.05"]
[Round "2"]
[White "Boerma, Daniel"]
[Black "Kiesel, Harald"]
[Result "1/2-1/2"]
[WhiteElo "1909"]
[BlackElo "2035"]
[PlyCount "107"]
[EventDate "2023.01.05"]
[EventType "swiss"]
[EventRounds "7"]
[EventCountry "GER"]
[SourceTitle "CBM 212 Extra"]
[Source "ChessBase"]
[SourceDate "2023.03.31"]
[SourceVersion "1"]
[SourceVersionDate "2023.03.31"]
[SourceQuality "1"]

1. d4 e6 2. Nf3 Nf6 3. e3 b6 4. Bd3 Bb7 5. Nbd2 d5 6. 0-0 Be7 7. b3 0-0 8. Bb2 c5 9. Ne5 Nc6 10. f4 Qc7 11. a3 Nxe5 12. dxe5 Ne4 13. f5 exf5 14. Rxf5 Nxd2 15. Qxd2 c4 16. Be2 Rac8 17. bxc4 dxc4 18. Qc3 Be4 19. Rf4 Qc6 20. Bf3 Bxf3 21. Rxf3 Qe6 22. Raf1 f6 23. a4 fxe5 24. Qxe5 Qxe5 25. Rxf8+ Bxf8 26. Bxe5 Bc5 27. Bd4 Bxd4 28. exd4 Rd8 29. c3 Rd5 30. Rb1 Rd7 31. Kf2 Kf7 32. Rb5 Ke6 33. Ke3 Kd6 34. Re5 a6 35. Re8 Kc7 36. Ke4 b5 37. axb5 axb5 38. d5 Rf7 39. Kd4 Kb6 40. Re6+ Ka5 41. Kc5 Ka4 42. Re3 Rf2 43. Rg3 g6 44. d6 Rd2 45. Kc6 b4 46. cxb4 Kxb4 47. Rg5 c3 48. Rb5+ Kc4 49. d7 c2 50. Rc5+ Kb4 51. Rb5+ Kc3 52. Rc5+ Kb4 53. Rb5+ Kc3 54. Rc5+ 1/2-1/2

[Event "Niedersachsen-ch op A"]
[Site "Verden"]
[Date "2019.01.03"]
[Round "2"]
[White "Boerma, Daniel"]
[Black "Ehlert, Horst"]
[Result "1-0"]
[WhiteElo "1869"]
[BlackElo "1947"]
[PlyCount "115"]
[EventDate "2019.01.03"]
[EventType "swiss"]
[EventRounds "7"]
[EventCountry "GER"]
[SourceTitle "EXT 2022"]
[Source "ChessBase"]
[SourceDate "2021.10.06"]
[SourceVersion "1"]
[SourceVersionDate "2021.10.06"]
[SourceQuality "1"]

1. d4 Nf6 2. Nf3 c5 3. e3 e6 4. Nbd2 a6 5. b3 d6 6. Bb2 Nbd7 7. Bd3 Be7 8. 0-0 0-0 9. Re1 Qc7 10. c4 b6 11. e4 cxd4 12. Bxd4 Bb7 13. Rc1 Rac8 14. Bb2 Qb8 15. e5 dxe5 16. Nxe5 Rfd8 17. Nxd7 Rxd7 18. Nf3 Bxf3 19. Qxf3 Rcd8 20. Bb1 Qc7 21. Qh3 h6 22. Qc3 Rd2 23. Rc2 Qf4 24. Rxd2 Rxd2 25. Rf1 Bc5 26. g3 Qd6 27. Bc1 Rd1 28. Qf3 Rxf1+ 29. Kxf1 Qd8 30. h3 a5 31. Ke2 Kf8 32. Bb2 Bd4 33. Qd3 e5 34. Ba3+ Ke8 35. Bc1 Qd7 36. Qf5 Qxf5 37. Bxf5 Ke7 38. Bd2 Ne8 39. Be3 Kd6 40. f3 Bc5 41. Be4 Ke6 42. Bd5+ Ke7 43. f4 f6 44. f5 Nc7 45. Be4 Na6 46. Kf3 Nb4 47. a3 Na6 48. Bc1 Nc7 49. g4 b5 50. Kg3 Kd7 51. Kh4 bxc4 52. bxc4 Bf2+ 53. Kh5 Na6 54. Kg6 Nc5 55. Bd5 e4 56. Kxg7 e3 57. Kxf6 e2 58. Bf4 1-0

[Event "Erfurt op-B 28th"]
[Site "Erfurt"]
[Date "2018.12.29"]
[Round "6"]
[White "Boerma, Daniel"]
[Black "Woost, Thomas"]
[Result "1-0"]
[WhiteElo "1856"]
[BlackElo "1915"]
[PlyCount "81"]
[EventDate "2018.12.26"]
[EventType "swiss"]
[EventRounds "8"]
[EventCountry "GER"]
[SourceTitle "EXT 2021"]
[Source "ChessBase"]
[SourceDate "2020.10.23"]
[SourceVersion "1"]
[SourceVersionDate "2020.10.23"]
[SourceQuality "1"]

1. Nf3 d5 2. d4 Nf6 3. g3 g6 4. Bg2 Bg7 5. 0-0 0-0 6. Nbd2 b6 7. Ne5 Bb7 8. Ndf3 Nbd7 9. Nxd7 Nxd7 10. Bf4 Rc8 11. h4 h5 12. Qd2 Nf6 13. Ne5 Ne4 14. Qd3 c5 15. c3 cxd4 16. cxd4 Qe8 17. Bh3 e6 18. Rac1 Qa4 19. f3 Ba6 20. Qe3 Nd6 21. b3 Qb4 22. a3 Qb5 23. Nxg6 Rxc1 24. Rxc1 Rd8 25. Ne7+ Kf8 26. Nc6 Rd7 27. Kf2 Nc4 28. bxc4 Qxc6 29. c5 Qa4 30. Bh6 bxc5 31. Rxc5 Bxh6 32. Qxh6+ Ke7 33. Qe3 Qd1 34. Rc1 Qa4 35. g4 hxg4 36. Bxg4 Rb7 37. h5 Qd7 38. Qg5+ Kd6 39. h6 Qb5 40. Qe5+ Ke7 41. h7 1-0

[Event "Niedersachsen-ch op A"]
[Site "Verden"]
[Date "2018.01.06"]
[Round "6"]
[White "Boerma, Daniel"]
[Black "Moenster, Madita"]
[Result "1-0"]
[WhiteElo "1768"]
[BlackElo "1880"]
[PlyCount "105"]
[EventDate "2018.01.04"]
[EventType "swiss"]
[EventRounds "7"]
[EventCountry "GER"]
[SourceTitle "EXT 2022"]
[Source "ChessBase"]
[SourceDate "2021.10.06"]
[SourceVersion "1"]
[SourceVersionDate "2021.10.06"]
[SourceQuality "1"]

1. d4 Nf6 2. Nd2 d5 3. Ngf3 e6 4. e3 c5 5. b3 Be7 6. Bb2 0-0 7. Bd3 Nc6 8. a3 a6 9. 0-0 b5 10. dxc5 Bxc5 11. Nd4 Bb7 12. Re1 Rc8 13. Nf1 Re8 14. Ng3 b4 15. a4 a5 16. Nh5 Nxd4 17. exd4 Bd6 18. Re3 h6 19. Qe2 Ra8 20. Re1 Nxh5 21. Qxh5 Ba6 22. Rf3 Qd7 23. g4 Bxd3 24. cxd3 Qe7 25. Bc1 f6 26. Rh3 Qf7 27. Qh4 e5 28. Kh1 e4 29. Rg1 exd3 30. g5 fxg5 31. Bxg5 h5 32. Bh6 Bf8 33. Rhg3 Re4 34. f4 d2 35. R3g2 Rxd4 36. Bxg7 Bxg7 37. Rxg7+ Qxg7 38. Rxg7+ Kxg7 39. Qg5+ Kh7 40. Qxh5+ Kg8 41. Qg6+ Kf8 42. Qf6+ Ke8 43. Qxd4 Rd8 44. Qxd2 d4 45. Qd3 Rd7 46. Kg2 Ke7 47. Kf3 Rc7 48. Ke4 Rc3 49. Qxd4 Rxb3 50. Qe5+ Kf8 51. Qf6+ Ke8 52. Qe6+ Kf8 53. Qxb3 1-0

[Event "Niedersachsen-ch op A"]
[Site "Verden"]
[Date "2018.01.05"]
[Round "4"]
[White "Boerma, Daniel"]
[Black "Freitag, Christian"]
[Result "1-0"]
[WhiteElo "1768"]
[BlackElo "1830"]
[PlyCount "120"]
[EventDate "2018.01.04"]
[EventType "swiss"]
[EventRounds "7"]
[EventCountry "GER"]
[SourceTitle "EXT 2022"]
[Source "ChessBase"]
[SourceDate "2021.10.06"]
[SourceVersion "1"]
[SourceVersionDate "2021.10.06"]
[SourceQuality "1"]

1. d4 Nf6 2. c4 g6 3. Nc3 Bg7 4. Bf4 0-0 5. e3 d6 6. Nf3 Nbd7 7. Be2 c6 8. h3 Qa5 9. 0-0 a6 10. Qc2 b5 11. a3 Bb7 12. b4 Qd8 13. Rad1 d5 14. c5 Re8 15. Bd3 Nh5 16. Bh2 e5 17. dxe5 Nxe5 18. Nd4 f5 19. Nce2 Qd7 20. a4 Nxd3 21. Rxd3 Be5 22. Bxe5 Rxe5 23. Ra1 Ree8 24. Rda3 Qf7 25. g3 Qd7 26. Kg2 Ng7 27. R1a2 Rac8 28. axb5 axb5 29. Ra7 Rc7 30. Qd3 Kf7 31. Qa3 g5 32. Qd3 h5 33. Ra1 Rh8 34. f4 g4 35. h4 Re8 36. Kf2 Re7 37. Nc1 Kg6 38. Ncb3 Ne8 39. Na5 Nf6 40. Rxb7 Ne4+ 41. Kg2 Rxb7 42. Ndxc6 Qe6 43. Ne5+ Kg7 44. Nxb7 Rxb7 45. Qd4 Kh7 46. Ra8 Nf6 47. Qa1 d4 48. Qxd4 Qb3 49. Nd3 Rf7 50. Rd8 Kg7 51. Rd6 Qc2+ 52. Nf2 Qe2 53. Qd2 Qf3+ 54. Kh2 Re7 55. Qb2 Rf7 56. c6 Kg8 57. c7 Rxc7 58. Rxf6 Qxe3 59. Qa2+ Kg7 60. Rxf5 Rc3 1-0

[Event "Niedersachsen-ch op-B"]
[Site "Verden"]
[Date "2017.01.07"]
[Round "6"]
[White "Boerma, Daniel"]
[Black "Poelig, Juergen"]
[Result "0-1"]
[WhiteElo "1917"]
[BlackElo "1894"]
[PlyCount "54"]
[EventDate "2017.01.05"]
[EventType "swiss"]
[EventRounds "7"]
[EventCountry "GER"]
[SourceTitle "CBM 187 Extra"]
[Source "ChessBase"]
[SourceDate "2018.11.04"]
[SourceVersion "1"]
[SourceVersionDate "2018.11.04"]
[SourceQuality "1"]

1. d4 e6 2. c4 d5 3. Nc3 c5 4. cxd5 exd5 5. Nf3 Nc6 6. e3 Nf6 7. Be2 Bg4 8. dxc5 Bxc5 9. 0-0 0-0 10. h3 Bh5 11. Nd4 Bg6 12. Nb3 Bb6 13. Na4 Bc7 14. Nac5 b6 15. Nd3 Qd6 16. g3 Ne4 17. Nf4 Rad8 18. Nd4 Nxd4 19. Qxd4 Bf5 20. h4 Rfe8 21. Rd1 Qh6 22. Bf3 g5 23. hxg5 Nxg5 24. Bg2 Bg4 25. Kf1 Nf3 26. Qa4 Bxf4 27. exf4 Qh2 0-1

[Event "Niedersachsen-ch op-B"]
[Site "Verden"]
[Date "2017.01.07"]
[Round "5"]
[White "Schulz, Daniel"]
[Black "Boerma, Daniel"]
[Result "1-0"]
[WhiteElo "1964"]
[BlackElo "1917"]
[PlyCount "79"]
[EventDate "2017.01.05"]
[EventType "swiss"]
[EventRounds "7"]
[EventCountry "GER"]
[SourceTitle "CBM 187 Extra"]
[Source "ChessBase"]
[SourceDate "2018.11.04"]
[SourceVersion "1"]
[SourceVersionDate "2018.11.04"]
[SourceQuality "1"]

1. d4 d5 2. c4 e6 3. Nf3 c5 4. cxd5 cxd4 5. Qa4+ Bd7 6. Qxd4 exd5 7. Qxd5 Nc6 8. Ne5 Nxe5 9. Qxe5+ Ne7 10. e4 Rc8 11. Nc3 a6 12. Be2 Be6 13. Be3 Nc6 14. Qg3 g6 15. 0-0 Bg7 16. Bg5 Qa5 17. Nd5 0-0 18. Rfd1 h6 19. Be3 Bxd5 20. exd5 Nb4 21. Bd2 Qb6 22. Qb3 Rfe8 23. Bf1 Nxd5 24. Qxd5 Qxb2 25. Rab1 Qf6 26. Be3 b5 27. Bd4 Qe7 28. Bxg7 Kxg7 29. Qd6 Qb7 30. g3 Re6 31. Qd4+ Kg8 32. Bg2 Qc7 33. h4 Rce8 34. Qd2 Re2 35. Qxh6 Qb6 36. Rf1 Rxa2 37. Bd5 Rae2 38. h5 Qd6 39. hxg6 Qxd5 40. Qh7+ 1-0